LEADER 01057nam0 22002771i 450 001 SUN0024663 005 20040924120000.0 010 $a88-7737-078-5 100 $a20040924d1991 |0itac50 ba 101 $aita 102 $aIT 105 $a|||| ||||| 200 1 $aIdee$earchitetture e interni viennesi$fJoseph Maria Olbrich$gintroduzione di Ezio Godoli 210 $aFirenze$cCantini$d1991 215 $a198 p.$cin gran parte ill.$d29 cm. 620 $dFirenze$3SUNL000014 676 $a709.436$v21 700 1$aOlbrich$b, Joseph Maria$3SUNV020711$0557818 702 1$aGodoli$b, Ezio$3SUNV020712 712 $aCantini$3SUNV000982$4650 801 $aIT$bSOL$c20181109$gRICA 912 $aSUN0024663 950 $aBIBLIOTECA DEL DIPARTIMENTO DI ARCHITETTURA E DISEGNO INDUSTRIALE$d01 PREST IIAd4 $e01 5880 995 $aBIBLIOTECA DEL DIPARTIMENTO DI ARCHITETTURA E DISEGNO INDUSTRIALE$bIT-CE0107$h5880$kPREST IIAd4$op$qa 996 $aIdee$91432009 997 $aUNICAMPANIA LEADER 04110oam 2200745 c 450 001 996571851703316 005 20220221094418.0 010 $a3-8394-2414-3 024 7 $a10.14361/transcript.9783839424148 035 $a(CKB)2550000001337585 035 $a(EBL)1914233 035 $a(SSID)ssj0001345048 035 $a(PQKBManifestationID)11764532 035 $a(PQKBTitleCode)TC0001345048 035 $a(PQKBWorkID)11329471 035 $a(PQKB)10676475 035 $a(SSID)ssj0001369367 035 $a(PQKBManifestationID)11883153 035 $a(PQKBTitleCode)TC0001369367 035 $a(PQKBWorkID)11289571 035 $a(PQKB)10847102 035 $a(MiAaPQ)EBC1914233 035 $a(DE-B1597)395433 035 $a(OCoLC)903963651 035 $a(OCoLC)979908628 035 $a(DE-B1597)9783839424148 035 $a(transcript Verlag)9783839424148 035 $a(PPN)233952632 035 $a(EXLCZ)992550000001337585 100 $a20220221d2014 uy 0 101 0 $ager 135 $aur|n|---||||| 181 $ctxt 182 $cc 183 $acr 200 04$aDer Begriff der Kultur$eKulturphilosophie als Aufgabe$fArbeitskreis Kultur- und Sozialphilosophie 205 $a1st ed. 210 $aBielefeld$ctranscript Verlag$d2014 215 $a1 online resource (261 p.) 225 0 $aEdition Moderne Postmoderne 300 $aDescription based upon print version of record. 311 $a3-8376-2414-5 311 $a1-306-99620-1 320 $aIncludes bibliographical references at the end of each chapters. 327 $a1 Inhalt 5 Einleitung 7 Kulturphilosophie und Pha?nomenologie 25 Wie ist es mo?glich, wahrnehmend etwas als etwas zu verstehen? 47 Formung oder Konstruktion? 75 Auf die Gemeinsamkeiten kommt es an 89 Die Beziehung als letzte Begru?ndung 109 Der Typus des Fremden im Zentrum der Vergesellschaftung bei Georg Simmel 127 Zur Bedeutung von Sprache im Konzept des Fremdverstehens von Alfred Schu?tz 149 Der Mensch als Synchronisator 181 Zum Wechselverha?ltnis von Kreativita?t und Verdinglichung 193 Wiederverflu?ssigung des Verdinglichten bei To?nnies, Simmel und Habermas 211 Schwestern im objektiven Geist 231 Autorinnen und Autoren 255 258 330 $aWas ist eigentlich gemeint mit Kultur? Es liegt im Interesse der Kulturphilosophie, den Kulturbegriff zu kla?ren und ihn als analytische Kategorie zu profilieren. Um den Begriff tragfa?hig definieren zu ko?nnen, untersucht dieser Band den inneren Zusammenhang der unterschiedlichen Aspekte der Kulturalita?t des Menschen. Die Lebenswelt und die Lebensweisen werden dabei als gleichermaßen zur Kulturalita?t des Menschen geho?rig und in ihrer wechselseitigen Abha?ngigkeit begriffen. Dies schafft die Grundlage fu?r ein weites und gleichermaßen tiefes Versta?ndnis des Menschen als kulturellem Wesen, das im disziplinu?bergreifenden Dialog weiter ausgebaut wird. 330 1 $aBesprochen in: GMK-Newsletter, 11 (2013) www.lehrerbibliothek.de, 01.09.2014, Oliver Neumann Vier Viertel Kult, 11 (2014) 410 0$aEdition Moderne Postmoderne. 606 $aKultur; Gesellschaft; Mensch; Wahrnehmung; Kulturphilosophie; Interkulturelle Philosophie; Kulturtheorie; Philosophie; Culture; Society; Human; Philosophy of Culture; Intercultural Philosophy; Cultural Theory; Philosophy; 610 $aCultural Theory. 610 $aHuman. 610 $aIntercultural Philosophy. 610 $aPhilosophy of Culture. 610 $aPhilosophy. 610 $aSociety. 615 4$aKultur; Gesellschaft; Mensch; Wahrnehmung; Kulturphilosophie; Interkulturelle Philosophie; Kulturtheorie; Philosophie; Culture; Society; Human; Philosophy of Culture; Intercultural Philosophy; Cultural Theory; Philosophy; 676 $a306 686 $aCC 8200$2rvk 712 02$aArbeitskreis Kultur- und Sozialphilosophie$4edt 801 0$bDE-B1597 801 1$bDE-B1597 906 $aBOOK 912 $a996571851703316 996 $aDer Begriff der Kultur$93670592 997 $aUNISA LEADER 02765nam 22003972 450 001 9910793729703321 005 20230516200200.0 010 $a1-78330-334-4 035 $a(CKB)4100000008948953 035 $a(MiAaPQ)EBC5846415 035 $a(UkCbUP)CR9781783303342 035 $a(EXLCZ)994100000008948953 100 $a20190906d2019|||| uy 0 101 0 $aeng 135 $aur||||||||||| 181 $ctxt$2rdacontent 182 $cc$2rdamedia 183 $acr$2rdacarrier 200 00$aDo archives have value? /$feditors, Michael Moss, David Thomas 210 1$aLondon :$cFacet,$d2019. 215 $a1 online resource (xxxv, 200 pages) $cdigital, PDF file(s) 311 0 $a1-78330-332-8 330 $aThis book will explore ways of establishing and measuring value in the archives and special collections. There is a vast literature about ways of measuring value for cultural heritage assets as a whole, particularly museums and visitor attractions, but archives and special collections in libraries have largely been overlooked. They have been very poor at garnering statistical data and devising ways of measuring the impact of what they do, unlike museums and visitor attractions with their much heavier footfall. Do Archives Have Value? discusses the various valuation methods available, including contingent valuation, willingness to pay and value chain, and assesses their suitability for use by archives and special collections. The book also assesses the impact of the transition to the digital in archival holdings, which will transform their character and will almost certainly cost more. The discussion will be set in the context of changing societal expectations of the archive in the wake of child abuse and other scandals where records to address grievances must be kept irrespective of cost. Value is explored in a range of different cultural and organizational contexts with case studies from a range of countries, including Australia, China, Japan, Malawi, Kenya, Russia and Thailand. There are contributions from Nancy Bell, Head of Conservation at The National Archives, Louise Craven, one of the leading UK archival scholars, Paul Lihoma, National Archivist of Malawi, Helen Morgan from the University of Melbourne, Pak Te Lee of the University of Hong Kong and Richard Wato from the National Archives of Kenya. 606 $aArchives$zGreat Britain$xEvaluation 606 $aArchives$xEvaluation 615 0$aArchives$xEvaluation. 615 0$aArchives$xEvaluation. 676 $a027.041 702 $aMoss$b Michael 702 $aThomas$b David 801 0$bUkCbUP 801 1$bUkCbUP 906 $aBOOK 912 $a9910793729703321 996 $aDo archives have value$93789141 997 $aUNINA